Normal view
MARC view
- García Martín, Antonio
Entry Nombre Personal
001 - NUMERO DE CONTROL
- campo de control: 59272
003 - IDENTIFICADOR DE NUMERO DE CONTROL
- campo de control: MX-MxUPN
005 - FECHA Y HORA DE LA ÜLTIMA TRANSACCIÓN
- campo de control: 20260416093337.0
008 - DATOS DE LONGITUD FIJA
- campo de control de longitud fija: 260416nn acannaabn a aaa d
040 ## - FUENTE DE CATALOGACIÓN
- Agencia original de catalogación: MX-MxUPN
- Lenguaje de catalogación: spa
100 1# - ENCABEZAMIENTO - NOMBRE PERSONAL
- Nombre personal: García Martín, Antonio
400 1# - VEÁSE - NOMBRE DE PERSONA
- Personal name: Martín, Antonio García
670 ## - FUENTE EN LA QUE SE LOCALIZARON DATOS
- Cita de la fuente: Acciones de mejora de la calidad de las titulaciones : (2016-2017), 2017 :
- Información localizada: portada (Antonio García Martín)
- Uniform Resource Identifier: http://hdl.handle.net/10317/6030
670 ## - FUENTE EN LA QUE SE LOCALIZARON DATOS
- Cita de la fuente: Autoridades LC, 16 abril 2026 :
- Información localizada: (García Martín, Antonio)
- Uniform Resource Identifier: https://lccn.loc.gov/nr95043495
902 ## - CATALOGADOR
- Catalogador: VíctorGodínez/160426
